Szczegóły MARC21

Geschichte des Dramas : Epochen der Identität auf dem Theater von der Antike bis zur Gegenwart. Bd. 2, Von der Romantik bis zur Gegenwart /

003 -Nazwa inst., której nr kontr. jest w polu 001 [,]
    • @
    • Nazwa instytucji, której n kontrolny jest w polu 001
    • NUKAT
005 -DATA I CZAS OSTATNIEJ MODYFIKACJI [,]
    • @
    • pole kontrolne
    • 20241231093309.0
020 -Międzynarod. znormalizowany nr książki - ISBN [ , ]
    • a
    • Numer ISBN
    • 3772017606 Find
040 -Instytucja sporządzająca opis [ , ]
    • a
    • Instytucja, która sporządziła opis (NP)
    • LUBL U/rok
    • c
    • Instytucja, która sporządziła rekord (NP)
    • LUBL U/rok
    • d
    • Instytucja, która zmodyfikowała rekord (P)
    • LUBL U/Mko
    • d
    • Instytucja, która zmodyfikowała rekord (P)
    • LUBL U/roks
942 -Rodzaj dokumentu [ , ]
    • c
    • Rodzaj dokumentu
    • Książka
100 -Hasło główne - nazwa osobowa [1, ]
    • a
    • Nazwa osobowa (NP)
    • Fischer-Lichte, Erika
    • d
    • Daty biograficzne (NP)
    • (1943- ).
    • 9
    • KHW
    • 234977
245 -Strefa tytułu i oznaczenia odpowiedzialności [1,0]
    • a
    • Tytuł
    • Geschichte des Dramas : Find
    • b
    • Ciąg dalszy tytułu (NP)
    • Epochen der Identität auf dem Theater von der Antike bis zur Gegenwart. Find
    • n
    • Oznaczenie części (P)
    • Bd. 2,
    • p
    • Nazwa części (P)
    • Von der Romantik bis zur Gegenwart /
    • c
    • Pozostałe elementy strefy tytułu i oznaczenia odpowiedzialności (NP)
    • Erika Fischer-Lichte.
260 -Strefa adresu wydawniczego [ , ]
    • a
    • Miejsce wydania (P)
    • Tübingen :
    • b
    • Nazwa wydawcy (P)
    • Francke Verlag,
    • c
    • Data wydania (P)
    • 1990.
300 -Strefa opisu fizycznego [ , ]
    • a
    • Określenie formy książki i/lub objętość (NP)
    • VI, 306, [4] s. ;
    • c
    • Format (NP)
    • 19 cm.
336 -Typ zawartości [ , ]
    • a
    • Termin opisujący typ zawartości
    • Tekst
    • b
    • Kod określający zawartość
    • txt
    • 2
    • Źródło (terminu i kodu)
    • rdacontent
337 -Typ mediów [ , ]
    • a
    • Tryb odtwarzania
    • Bez urządzenia pośredniczącego
    • b
    • Kod typu mediów
    • n
    • 2
    • Źródło (terminu i kodu)
    • rdamedia
338 -Typ/rodzaj nośnika [ , ]
    • a
    • Hasło opisujące typ nośnika
    • Wolumin
    • b
    • Kod typu nośnika
    • nc
    • 2
    • Źródło (terminu i kodu)
    • rdacarrier
490 -Strefa serii i książki wielotomowej - forma nie do wyszukiwania [1, ]
    • a
    • Tytuł (P)
    • UTB für Wissenschaft ; Find
    • v
    • Numeracja (P)
    • 1566
830 -Hasło dodatkowe serii i opisu książki wielotomowej - tytuł ujednolicony/tytuł [ ,0]
    • a
    • Tytuł ujednolicony/tytuł (NP)
    • UTB Uni-Taschenbücher
    • x
    • ISSN
    • 0340-7225
    • v
    • Oznaczenie tomu (NP)
    • 1566
    • 9
    • KHW
    • 15685
500 -Uwaga ogólna [ , ]
    • a
    • Uwaga ogólna (NP)
    • W serii gł. nr: 1566.
504 -Uwaga dot. bibliogr. załącznikowej [ , ]
    • a
    • Uwaga dot. bibliografii załącznikowej
    • Bibliogr. s. 291-298. Indeksy.
080 -Uniwersalna Klasyfikacja Dziesiętna [ , ]
    • a
    • Symbol klasyfikacji
    • 82(091)-2=30
650 -Hasło przedmiotowe [ ,7]
    • a
    • Hasło przedmiotowe
    • Dramat
    • x
    • Określnik rzeczowy
    • historia i krytyka.
    • 2
    • Źródło terminu
    • kaba
    • 9
    • KHW
    • 106301
980 -Symbol UKD [ , ]
    • a
    • UKD
    • 82(091)-2=30
920 -ISBN [ , ]
    • a
    • ISBN
    • 3-7720-1760-6 Find
Sygnatura Status udost. Numer inwentarzowy Data inwentaryzacji Lokalizacja
GERM. Dramat 131G.82392000-07-13BM